000 00454nam a2200181Ia 4500
001 19016
005 20260306171713.0
008 260306s9999||||xx |||||||||||||| ||und||
041 _aESP
082 _a658.787
_bF43
100 _aFerrín Gutiérrez, Arturo
_eAUT
245 0 _aGestión de stocks en la logística de almacenes
260 _c2010
300 _a207 páginas :
_c23 cm.
650 _aGEN
654 _aCAN
942 _cLIB
_dJUS
_fJUS
_2ddc
_n
999 _c19016
_d19016